[Event "BEL-chT 2223"]
[Site "Belgium"]
[Date "2023.02.12"]
[Round "7.4"]
[White "Piacentini, Claudio"]
[Black "Hoffmann, Michael"]
[Result "0-1"]
[WhiteElo "2033"]
[BlackElo "2420"]
[PlyCount "114"]
[EventDate "2022.09.25"]
[EventType "team-tourn"]
[EventRounds "11"]
[EventCountry "BEL"]
[SourceTitle "CBM 213 Extra"]
[Source "ChessBase"]
[SourceDate "2023.05.31"]
[SourceVersion "1"]
[SourceVersionDate "2023.05.31"]
[SourceQuality "1"]
[WhiteTeam "Charleroi CREC"]
[BlackTeam "Tal"]
[WhiteTeamCountry "BEL"]
[BlackTeamCountry "BEL"]

1. e4 c5 2. Nf3 d6 3. d4 cxd4 4. Nxd4 Nf6 5. Nc3 a6 6. Bg5 e6 7. f4 h6 8. Bxf6 Qxf6 9. Qd2 Nc6 10. Nf3 Bd7 11. Bd3 g5 12. fxg5 hxg5 13. Qxg5 Qxg5 14. Nxg5 Rg8 15. Nf3 Rxg2 16. 0-0-0 Bh6+ 17. Kb1 Ke7 18. e5 d5 19. Rhf1 Rh8 20. Na4 Bf4 21. Nc5 Bc8 22. c4 Nxe5 23. cxd5 exd5 24. Bc2 Nxf3 25. Rxf3 Rhxh2 26. Rxf4 Rxc2 27. Nd3 Rcd2 28. Kc1 Rc2+ 29. Kb1 Rcd2 30. Kc1 Rxd1+ 31. Kxd1 Bd7 32. Kc1 a5 33. Ne5 Be6 34. Ra4 b6 35. Nf3 Re2 36. Rh4 Re4 37. Rh2 Rf4 38. Ne1 Bf5 39. Kd2 Kd6 40. Ke3 Re4+ 41. Kd2 Rb4 42. b3 Bb1 43. Kc1 Bg6 44. Kd2 a4 45. Kc3 Rf4 46. bxa4 Rxa4 47. Kb3 Rf4 48. Rd2 Kc5 49. Ng2 Rf3+ 50. Kb2 Be4 51. a3 f5 52. Nh4 Rf1 53. Ng6 f4 54. Ne5 f3 55. Ng4 Rb1+ 56. Ka2 Re1 57. Kb3 Re2 0-1

[Event "BEL-chT 1617"]
[Site "Belgium"]
[Date "2017.04.30"]
[Round "11.7"]
[White "Piacentini, Claudio"]
[Black "Baeten, Olivier"]
[Result "1-0"]
[WhiteElo "2162"]
[BlackElo "1917"]
[PlyCount "37"]
[EventDate "2016.10.02"]
[EventType "team-tourn"]
[EventRounds "11"]
[EventCountry "BEL"]
[SourceTitle "EXT 2018"]
[Source "ChessBase"]
[SourceDate "2017.10.13"]
[SourceVersion "1"]
[SourceVersionDate "2017.10.13"]
[SourceQuality "1"]
[WhiteTeam "Charleroi CREC"]
[BlackTeam "The Belgian CC"]
[WhiteTeamCountry "BEL"]
[BlackTeamCountry "BEL"]

1. e4 c5 2. Nf3 e6 3. d4 cxd4 4. Nxd4 a6 5. Bd3 Nf6 6. 0-0 Qc7 7. Nd2 Bd6 8. N2f3 h5 9. Re1 Ng4 10. h3 Ne5 11. Nxe5 Bxe5 12. Nf3 Bd6 13. e5 Bc5 14. Ng5 d6 15. Bf4 d5 16. c3 Bd7 17. Qc2 Bb5 18. Bg6 Rf8 19. Nxe6 1-0

[Event "BEL FEFB-ch"]
[Site "Fontaine l'Eveque"]
[Date "2010.05.16"]
[Round "7"]
[White "Hautot, Stephane"]
[Black "Piacentini, Claudio"]
[Result "1-0"]
[WhiteElo "2410"]
[BlackElo "2102"]
[PlyCount "99"]
[EventDate "2010.05.12"]
[EventType "tourn"]
[EventRounds "7"]
[EventCountry "BEL"]
[SourceTitle "CBM 136 Extra"]
[Source "ChessBase"]
[SourceDate "2010.07.02"]
[SourceVersion "2"]
[SourceVersionDate "2010.07.15"]
[SourceQuality "1"]

1. e4 e6 2. d4 d5 3. Nc3 Nf6 4. Bg5 Be7 5. e5 Nfd7 6. h4 a6 7. Qg4 f5 8. Qh5+ g6 9. Qh6 Bxg5 10. hxg5 Kf7 11. g4 Nf8 12. Nge2 c6 13. Nf4 b5 14. 0-0-0 Ra7 15. Bd3 Rg8 16. Nce2 Re7 17. Rde1 Rg7 18. Kb1 Kg8 19. c3 a5 20. Ng3 Na6 21. gxf5 exf5 22. e6 Nc7 23. Bxf5 Ncxe6 24. Bxe6+ Bxe6 25. Nxe6 Nxe6 26. Nf5 gxf5 27. Rxe6 Qe8 28. Rhe1 Qf8 29. R1e5 f4 30. Rf6 Qe8 31. Rfe6 Qf8 32. a3 a4 33. Ka2 f3 34. Ka1 Rgf7 35. Rxe7 Rxe7 36. Qxc6 Rxe5 37. dxe5 Qf4 38. Qxd5+ Kg7 39. Qxb5 Qxg5 40. Qd7+ Kf8 41. e6 Qe7 42. Qd5 Kg7 43. Qe5+ Qf6 44. Qc7+ Kf8 45. Qxh7 Qxe6 46. Qh8+ Ke7 47. Qh4+ Kd6 48. Qf4+ Kc5 49. Qb4+ Kd5 50. Qd4+ 1-0

[Event "BEL-ch op"]
[Site "Namur"]
[Date "2009.07.07"]
[Round "4"]
[White "Barbier, Wiebke"]
[Black "Piacentini, Claudio"]
[Result "0-1"]
[WhiteElo "1893"]
[BlackElo "2084"]
[PlyCount "54"]
[EventDate "2009.07.04"]
[EventType "swiss"]
[EventRounds "9"]
[EventCountry "BEL"]
[SourceTitle "EXT 2010"]
[Source "ChessBase"]
[SourceDate "2010.11.25"]
[SourceVersion "1"]
[SourceVersionDate "2010.11.25"]
[SourceQuality "1"]

1. e4 e6 2. d4 d5 3. exd5 exd5 4. Bd3 Nf6 5. h3 c5 6. c3 Nc6 7. Nf3 cxd4 8. cxd4 Bb4+ 9. Bd2 Qe7+ 10. Qe2 Ne4 11. Bxb4 Qxb4+ 12. Nc3 Be6 13. a3 Nxc3 14. Qxe6+ fxe6 15. axb4 Nxb4 16. 0-0 Nxd3 17. bxc3 0-0 18. Rfd1 Nf4 19. Kh2 Rfc8 20. Ra3 h6 21. Re1 Kf7 22. Ne5+ Ke7 23. g3 Nh5 24. Ng6+ Kd6 25. Re5 Nf6 26. Nf4 Re8 27. h4 Ng4+ 0-1

[Event "BEL FEFB-ch op"]
[Site "Fontaine l'Eveque"]
[Date "2009.05.31"]
[Round "5"]
[White "Capone, Nicola"]
[Black "Piacentini, Claudio"]
[Result "0-1"]
[WhiteElo "1693"]
[BlackElo "2119"]
[PlyCount "74"]
[EventDate "2009.05.29"]
[EventType "swiss"]
[EventRounds "7"]
[EventCountry "BEL"]
[SourceTitle "EXT 2012"]
[Source "ChessBase"]
[SourceDate "2011.11.24"]
[SourceVersion "1"]
[SourceVersionDate "2011.11.24"]
[SourceQuality "1"]

1. e4 e6 2. d4 d5 3. Nc3 Nf6 4. e5 Nfd7 5. f4 c5 6. Nf3 Nc6 7. Be3 cxd4 8. Nxd4 Bc5 9. Bb5 Bxd4 10. Bxd4 a6 11. Be2 0-0 12. 0-0 b5 13. Bg4 b4 14. Ne2 a5 15. Bf2 Ba6 16. Re1 Rc8 17. Nd4 Nxd4 18. Bxd4 g6 19. c3 bxc3 20. Bxc3 Rc4 21. Be2 Rxf4 22. Bd2 Qb6+ 23. Kh1 Bxe2 24. Qxe2 Re4 25. Qf3 Nxe5 26. Qc3 Ng4 27. h3 Nf2+ 28. Kh2 Rb8 29. Qg3 Rxe1 30. Rxe1 Ne4 31. Rxe4 dxe4 32. Bc3 Rf8 33. Bf6 Qc5 34. Be5 Qd5 35. Qg5 f6 36. Bxf6 Qxg5 37. Bxg5 Rf2 0-1

[Event "Hainaut-ch"]
[Site "Manage"]
[Date "2008.08.23"]
[Round "7.4"]
[White "Piacentini, Claudio"]
[Black "Ooghe, Jean Marie"]
[Result "1-0"]
[WhiteElo "2131"]
[BlackElo "1800"]
[PlyCount "63"]
[EventDate "2008.08.23"]
[EventType "swiss"]
[EventRounds "9"]
[EventCountry "BEL"]
[SourceTitle "EXT 2024"]
[Source "ChessBase"]
[SourceDate "2023.10.10"]
[SourceVersion "1"]
[SourceVersionDate "2023.10.10"]
[SourceQuality "1"]

1. e4 d6 2. d4 Nf6 3. Nc3 g6 4. f4 Bg7 5. Nf3 0-0 6. Bd3 Nc6 7. 0-0 Bg4 8. Be3 e5 9. fxe5 dxe5 10. d5 Nd4 11. Ne2 Nxf3+ 12. gxf3 Bh3 13. Rf2 Nh5 14. Qd2 Bf6 15. Ng3 Nf4 16. Bf1 Qd7 17. Kh1 g5 18. Bxf4 gxf4 19. Bxh3 Qxh3 20. Nf5 Rae8 21. c4 Kh8 22. c5 Bh4 23. Rg2 Rg8 24. Rag1 Rxg2 25. Qxg2 Qxg2+ 26. Rxg2 Bf6 27. d6 cxd6 28. cxd6 Rd8 29. Rd2 Rc8 30. d7 Rg8 31. Nd6 Rg7 32. Nxb7 1-0

[Event "BEL-ch op"]
[Site "Eupen"]
[Date "2008.07.13"]
[Round "9"]
[White "Sarrau, Jelle"]
[Black "Piacentini, Claudio"]
[Result "1/2-1/2"]
[WhiteElo "2186"]
[BlackElo "2079"]
[PlyCount "31"]
[EventDate "2008.07.05"]
[EventType "swiss"]
[EventRounds "9"]
[EventCountry "BEL"]
[SourceTitle "EXT 2019"]
[Source "ChessBase"]
[SourceDate "2018.10.10"]
[SourceVersion "1"]
[SourceVersionDate "2018.10.10"]
[SourceQuality "1"]

1. e4 e6 2. Nc3 d5 3. d4 Nf6 4. e5 Nfd7 5. f4 c5 6. Nf3 Nc6 7. Be3 cxd4 8. Nxd4 Bc5 9. Qd2 0-0 10. 0-0-0 a6 11. Kb1 Qc7 12. h4 Nxd4 13. Bxd4 b5 14. Rh3 Bb7 15. h5 Rac8 16. Ne2 1/2-1/2

[Event "BEL FEFB-ch Elite"]
[Site "Manage"]
[Date "2008.05.11"]
[Round "6"]
[White "Desinte, David"]
[Black "Piacentini, Claudio"]
[Result "0-1"]
[WhiteElo "1926"]
[BlackElo "2079"]
[PlyCount "58"]
[EventDate "2008.05.01"]
[EventType "swiss"]
[EventRounds "7"]
[EventCountry "BEL"]
[SourceTitle "EXT 2019"]
[Source "ChessBase"]
[SourceDate "2018.10.10"]
[SourceVersion "1"]
[SourceVersionDate "2018.10.10"]
[SourceQuality "1"]

1. e4 e6 2. d4 d5 3. e5 c5 4. c3 Nc6 5. Nf3 cxd4 6. cxd4 f6 7. Bb5 Bd7 8. Bxc6 bxc6 9. 0-0 c5 10. Be3 cxd4 11. Bxd4 f5 12. Nc3 Ne7 13. Bc5 Ng6 14. Bxf8 Rxf8 15. Nd4 Kf7 16. f4 Kg8 17. Qh5 Qb6 18. Nce2 Bb5 19. Kh1 Bxe2 20. Nxe2 Rac8 21. b3 Rc2 22. Qf3 Rfc8 23. Rac1 Qa6 24. Rxc2 Rxc2 25. Nd4 Rd2 26. Rd1 Rxd1+ 27. Qxd1 Nxf4 28. h3 Qxa2 29. Qf3 Qa1+ 0-1

[Event "BEL FEFB-ch Elite"]
[Site "Manage"]
[Date "2008.05.04"]
[Round "4"]
[White "Le Quang, Kim"]
[Black "Piacentini, Claudio"]
[Result "1-0"]
[WhiteElo "2276"]
[BlackElo "2079"]
[PlyCount "47"]
[EventDate "2008.05.01"]
[EventType "swiss"]
[EventRounds "7"]
[EventCountry "BEL"]
[SourceTitle "EXT 2019"]
[Source "ChessBase"]
[SourceDate "2018.10.10"]
[SourceVersion "1"]
[SourceVersionDate "2018.10.10"]
[SourceQuality "1"]

1. c4 Nf6 2. g3 g6 3. Bg2 Bg7 4. Nc3 c5 5. a3 Nc6 6. Rb1 0-0 7. b4 cxb4 8. axb4 d6 9. b5 Ne5 10. d3 Rb8 11. f4 Ned7 12. e3 e5 13. Nge2 exf4 14. Nxf4 Re8 15. 0-0 Nc5 16. Ncd5 Ne6 17. Nxf6+ Bxf6 18. Nd5 Bg7 19. Bb2 Nc7 20. Bf6 Nxd5 21. Bxd8 Nxe3 22. Qf3 Nxf1 23. Bg5 h6 24. Rxf1 1-0

[Event "BEL FEFB-ch Elite"]
[Site "Manage"]
[Date "2008.05.02"]
[Round "2"]
[White "Cornil, Etienne"]
[Black "Piacentini, Claudio"]
[Result "0-1"]
[WhiteElo "2017"]
[BlackElo "2079"]
[PlyCount "90"]
[EventDate "2008.05.01"]
[EventType "swiss"]
[EventRounds "7"]
[EventCountry "BEL"]
[SourceTitle "EXT 2019"]
[Source "ChessBase"]
[SourceDate "2018.10.10"]
[SourceVersion "1"]
[SourceVersionDate "2018.10.10"]
[SourceQuality "1"]

1. e4 e6 2. Qe2 c5 3. g3 Nc6 4. c3 d5 5. d3 Nf6 6. Bg2 dxe4 7. dxe4 Ne5 8. Bg5 Nd3+ 9. Kf1 h6 10. Bxf6 gxf6 11. Na3 Ne5 12. Rd1 Bd7 13. f4 Nc6 14. Nf3 Qb6 15. Nc4 Qc7 16. e5 fxe5 17. Nfxe5 Nxe5 18. Nxe5 Bd6 19. Nxd7 Qxd7 20. Kf2 0-0-0 21. Rhe1 h5 22. a4 h4 23. Qe4 Qc7 24. a5 a6 25. b4 hxg3+ 26. hxg3 cxb4 27. cxb4 Kb8 28. Rd4 f5 29. Qe3 Rhe8 30. Qc1 Bc5 31. Qxc5 Qxc5 32. bxc5 Rxd4 33. Rb1 Re7 34. c6 Rd2+ 35. Kf1 Rc7 36. Bf3 Rc2 37. Rb6 Ra2 38. Be2 Rxc6 39. Rxc6 bxc6 40. Bxa6 Rxa5 41. Bc4 Rd5 42. Bxd5 cxd5 43. Ke2 Kc7 44. Ke3 Kc6 45. Kd2 Kc5 0-1

[Event "Fleurus op"]
[Site "Fleurus"]
[Date "2008.02.29"]
[Round "6"]
[White "Piacentini, Claudio"]
[Black "Marte, Sebastien"]
[Result "1-0"]
[WhiteElo "2089"]
[BlackElo "1917"]
[PlyCount "81"]
[EventDate "2008.01.11"]
[EventType "swiss"]
[EventRounds "9"]
[EventCountry "BEL"]
[SourceTitle "EXT 2010"]
[Source "ChessBase"]
[SourceDate "2010.11.25"]
[SourceVersion "1"]
[SourceVersionDate "2010.11.25"]
[SourceQuality "1"]

1. e4 c5 2. Nf3 Nc6 3. d4 cxd4 4. Nxd4 e6 5. Nc3 Bc5 6. Nb3 Bb6 7. Bd3 a6 8. 0-0 Nge7 9. Qh5 Qc7 10. Bd2 Qe5 11. Qh3 d5 12. Rae1 d4 13. Ne2 Qd6 14. f4 e5 15. f5 f6 16. Qh5+ Kf8 17. g4 Bd7 18. g5 Ng8 19. Kh1 Nb4 20. a3 Nc6 21. Ng3 Bd8 22. h4 h6 23. Rg1 Be8 24. g6 Be7 25. Bc4 Qc7 26. Rc1 Na7 27. Bd5 Bc6 28. c4 Qb6 29. Qf3 Qd8 30. Na5 Qd7 31. b4 Bd6 32. c5 Be7 33. Qb3 Bd8 34. Be6 Qe8 35. Nxc6 Nxc6 36. a4 Bc7 37. b5 Nd8 38. Bd5 axb5 39. axb5 Ne7 40. Bb4 Rb8 41. b6 1-0

[Event "BEL-ch op"]
[Site "Namur"]
[Date "2007.07.07"]
[Round "8.8"]
[White "Piacentini, Claudio"]
[Black "Truwant, Pieter"]
[Result "1-0"]
[WhiteElo "2136"]
[BlackElo "1970"]
[PlyCount "79"]
[EventDate "2007.06.30"]
[EventType "swiss"]
[EventRounds "9"]
[EventCountry "BEL"]
[SourceTitle "CBM 119 Extra"]
[Source "ChessBase"]
[SourceDate "2007.09.04"]
[SourceVersion "1"]
[SourceVersionDate "2007.09.04"]
[SourceQuality "1"]

1. e4 e6 2. d4 d5 3. Nc3 Bb4 4. e5 c5 5. Bd2 cxd4 6. Nb5 Bf8 7. Nxd4 Nc6 8. Nxc6 bxc6 9. Nf3 c5 10. b3 Ne7 11. Bd3 Nc6 12. Qe2 Bd7 13. 0-0 Be7 14. Rae1 h6 15. h3 Qb6 16. Nh2 Nb4 17. Qg4 Nxd3 18. Qxg7 0-0-0 19. cxd3 d4 20. Qxf7 Rde8 21. Rc1 Rhf8 22. Qh5 Bb5 23. b4 Bxd3 24. bxc5 Qc6 25. Rfe1 Rf5 26. Qg4 h5 27. Qxd4 Rg8 28. f3 Rxf3 29. Nxf3 Qxf3 30. Qf2 Qc6 31. Re3 Bh4 32. g3 Ba6 33. Kh2 Bb7 34. Rg1 Be7 35. Rc3 h4 36. Bf4 Rd8 37. Qc2 Kc7 38. gxh4 Rg8 39. Bg5 Bxg5 40. Qh7+ 1-0